| 000 | 00558nam a2200217Ia 4500 | ||
|---|---|---|---|
| 008 | 160819s9999 xx 000 0 und d | ||
| 020 | _a978-0-452-29754-8 | ||
| 050 | _aFIC R79a | ||
| 050 | _b2011 | ||
| 100 | _aRowell, Rainbow. | ||
| 245 | _aAttachments / | ||
| 245 | _cRainbow Rowell. | ||
| 260 | _aNew York : | ||
| 260 | _bPlume, | ||
| 260 | _c2011 | ||
| 300 | _a323 pages : | ||
| 300 | _c21 cm. | ||
| 650 | _aElectronic mail messages -- Fiction. | ||
| 650 | _aMan-woman realtionships -- Fiction. | ||
| 650 | _xNewspaper editors -- Fiction. | ||
| 999 |
_c300635 _d300635 |
||